Lógica digital y diseño de computadoras

Saved in:
Bibliographic Details
Main Author: McCalla,Thomas Richard
Format: Book
Language:Spanish
Published: México : Limusa S.A. De C.V 1994
Subjects:
Tags: Add Tag
No Tags, Be the first to tag this record!

MARC

LEADER 00000nam a22000007a 4500
007 621.381.958 M122l
008 170531b1994 cr a|||| |||| 00| ||spa d
020 |a 9681850300 
100 |9 8642  |a  McCalla,Thomas Richard 
245 |a Lógica digital y diseño de computadoras 
260 |a México : Limusa S.A. De C.V  |c 1994 
300 |a 919 páginas ; ilustraciones  
650 |x COMPUTADORAS ELECTRONICAS DIGITALES - DISEÑO Y CONSTRUCCION  |9 8643 
942 |2 ddc  |c BK 
999 |c 18475  |d 18475